000 00316nam a2200133 a 4500
005 20140412111303.0
008 110408s19uu xx 00 eng d
020 _a0-861128141
050 _aM 411
_bT249 1992
245 _aTeddy bears ABC.
260 _aSpain :
_bBrimax,
_c1992.
300 _aunp.
999 _c103507
_d103507